Local structural instability and formation of hot spots in materials under mechanical loading; Combustion, Explosion, and Shock Waves; Vol. 33, № 2
| Parent link: | Combustion, Explosion, and Shock Waves.— , 1965- Vol. 33, № 2.— 1997.— [P. 246-249] |
|---|---|
| Main Author: | |
| Other Authors: | , |
| Summary: | Title screen We have studied the formation of hot spot in materials under high-speed loading using the method of molecular dynamics. It is shown that the appearance of hot spots is associated with release of the elastic energy accumulated in the deficient region. The evolution of a hot spot is followed by intense energy release and by structural rearrangements near its location. The results obtained are of importance for understanding of the effects of mechanical activation of the components in solid-phase chemical reactions. Режим доступа: по договору с организацией-держателем ресурса |
| Language: | English |
| Published: |
1997
|
| Subjects: | |
| Online Access: | http://dx.doi.org/10.1007/BF02671923 |
| Format: | Electronic Book Chapter |
| KOHA link: | https://koha.lib.tpu.ru/cgi-bin/koha/opac-detail.pl?biblionumber=654644 |
MARC
| LEADER | 00000naa0a2200000 4500 | ||
|---|---|---|---|
| 001 | 654644 | ||
| 005 | 20250312155405.0 | ||
| 035 | |a (RuTPU)RU\TPU\network\20280 | ||
| 035 | |a RU\TPU\network\19168 | ||
| 090 | |a 654644 | ||
| 100 | |a 20170510d1997 k||y0rusy50 ba | ||
| 101 | 0 | |a eng | |
| 102 | |a US | ||
| 135 | |a drcn ---uucaa | ||
| 181 | 0 | |a i | |
| 182 | 0 | |a b | |
| 200 | 1 | |a Local structural instability and formation of hot spots in materials under mechanical loading |f S. G. Psakhie, K. P. Zolnikov, D. Yu. Saraev | |
| 203 | |a Text |c electronic | ||
| 300 | |a Title screen | ||
| 320 | |a [References: p. 249 (10 tit.)] | ||
| 330 | |a We have studied the formation of hot spot in materials under high-speed loading using the method of molecular dynamics. It is shown that the appearance of hot spots is associated with release of the elastic energy accumulated in the deficient region. The evolution of a hot spot is followed by intense energy release and by structural rearrangements near its location. The results obtained are of importance for understanding of the effects of mechanical activation of the components in solid-phase chemical reactions. | ||
| 333 | |a Режим доступа: по договору с организацией-держателем ресурса | ||
| 461 | |t Combustion, Explosion, and Shock Waves |d 1965- | ||
| 463 | |t Vol. 33, № 2 |v [P. 246-249] |d 1997 | ||
| 610 | 1 | |a электронный ресурс | |
| 610 | 1 | |a труды учёных ТПУ | |
| 610 | 1 | |a структурная неустойчивость | |
| 610 | 1 | |a механическая нагрузка | |
| 700 | 1 | |a Psakhie |b S. G. |c physicist |c head of laboratory, Advisor to the rector, head of Department, Tomsk Polytechnic University, doctor of physico-mathematical Sciences |f 1952- |g Sergey Grigorievich |3 (RuTPU)RU\TPU\pers\33038 | |
| 701 | 1 | |a Zolnikov |b K. P. | |
| 701 | 1 | |a Saraev |b D. Yu. | |
| 801 | 2 | |a RU |b 63413507 |c 20170510 |g RCR | |
| 856 | 4 | |u http://dx.doi.org/10.1007/BF02671923 | |
| 942 | |c CF | ||